Normal view
MARC view
- Supervised by Asst Prof (H) Aamir Masood Khan
Entry Personal Name
001 - CONTROL NUMBER
- control field: 131841
003 - CONTROL NUMBER IDENTIFIER
- control field: NUST
005 - DATE AND TIME OF LATEST TRANSACTION
- control field: 20251112145939.0
008 - FIXED-LENGTH DATA ELEMENTS
- fixed length control field: 251112|| aca||aabn | a|a d
040 ## - CATALOGING SOURCE
- Original cataloging agency: NUST
- Transcribing agency: NUST
100 ## - HEADING--PERSONAL NAME
- Personal name: Supervised by Asst Prof (H) Aamir Masood Khan
670 ## - SOURCE DATA FOUND
- Source citation: Work cat.: (NUST)182758: Rana , NC Shehla Saleem (TCC-11) 131840, Image based automatic target recognition and tracking system /, 2003
